000 00611nam a22002297a 4500
999 _c2021
_d2021
003 SLTCLib
008 260605b ce ||||| |||| 00| 0 eng d
020 _a9780138052256
041 _aEnglish
080 _a004(62)
_bERL
100 _aErel, Thomas
_93566
245 _aCloud Computing
_bConcepts, Technology, Security & Architecture
250 _a2nd
260 _aHoboken
_bPearson
_c2024
300 _a559p.
650 0 _92910
_aCloud computing
650 0 _93564
_aConcepts
650 0 _91977
_aTechnology
650 0 _92553
_a Architecture
700 _93565
_aMonroy, Eric Barcelo
942 _2lcc
_cMRE
945 _a3725
_bIshara wickramage
_c3725
_dIshara wickramage